AFCAT Air Force Common Adm. Test. (online) (Record no. 58520)
[ view plain ]
| 000 -LEADER | |
|---|---|
| fixed length control field | 00371nam a22001457a 4500 |
| 003 - CONTROL NUMBER IDENTIFIER | |
| control field | macl |
| 005 - DATE AND TIME OF LATEST TRANSACTION | |
| control field | 20181101155813.0 |
| 008 - FIXED-LENGTH DATA ELEMENTS--GENERAL INFORMATION | |
| fixed length control field | 181101b xxu||||| |||| 00| 0 eng d |
| 040 ## - CATALOGING SOURCE | |
| Transcribing agency | macl |
| 100 ## - MAIN ENTRY--PERSONAL NAME | |
| Personal name | Arihant |
| 9 (RLIN) | 73128 |
| 245 ## - TITLE STATEMENT | |
| Title | AFCAT Air Force Common Adm. Test. (online) |
| 260 ## - PUBLICATION, DISTRIBUTION, ETC. (IMPRINT) | |
| Place of publication, distribution, etc. | Delhi |
| Name of publisher, distributor, etc. | Arihant Publication |
| Date of publication, distribution, etc. | 2018 |
| 650 ## - SUBJECT ADDED ENTRY--TOPICAL TERM | |
| Topical term or geographic name as entry element | Air force |
| 9 (RLIN) | 3797 |
| 942 ## - ADDED ENTRY ELEMENTS (KOHA) | |
| Source of classification or shelving scheme | |
| Koha item type | Books |
| Withdrawn status | Lost status | Source of classification or shelving scheme | Damaged status | Not for loan | Home library | Current library | Date acquired | Cost, normal purchase price | Total Checkouts | Total Renewals | Full call number | Barcode | Date last seen | Date last checked out | Price effective from | Koha item type |
|---|---|---|---|---|---|---|---|---|---|---|---|---|---|---|---|---|
| MACL | MACL | 01/11/2018 | 345.00 | 2 | 1 | 358 | gclc00084 | 09/08/2024 | 18/02/2020 | 01/11/2018 | Books | |||||
| MACL | MACL | 01/11/2018 | 345.00 | 3 | 358 | gclc00085 | 09/08/2024 | 20/08/2019 | 01/11/2018 | Books |









